Scarlet and black /
Sparad:
| Huvudupphovsman: | |
|---|---|
| Övriga upphovsmän: | |
| Materialtyp: | Sách giấy |
| Språk: | English French |
| Publicerad: |
[London] :
Everyman's Library : Distributed by Random Century Group,
c1991.
|
| Ämnen: | |
| Taggar: |
Lägg till en tagg
Inga taggar, Lägg till första taggen!
|
| Thư viện lưu trữ: | Thư viện Trường Đại học Đà Lạt |
|---|
| LEADER | 01226nam a2200409 4500 | ||
|---|---|---|---|
| 001 | DLU110119610 | ||
| 005 | ##20110413 | ||
| 008 | ##950105s1991 enk b 000 1 eng | ||
| 010 | # | # | |a 95100818 |
| 020 | # | # | |a 1857150384 |
| 035 | # | # | |9 (DLC) 95100818 |
| 040 | # | # | |a DLC |c DLC |d OCoLC |
| 041 | # | # | |a eng |h fre |
| 043 | # | # | |a e-fr--- |
| 082 | # | # | |a 843 |b STE |
| 100 | # | # | |a Stendhal, |d 1783-1842. |
| 240 | # | # | |a Rouge et le noir. |l English |
| 245 | # | # | |a Scarlet and black / |c Stendhal ; translated from the French by C.K. Scott Moncrieff. |
| 260 | # | # | |a [London] : |b Everyman's Library : |b Distributed by Random Century Group, |c c1991. |
| 300 | # | # | |a xxx, 287, 349 p. ; |c 22 cm. |
| 504 | # | # | |a Includes bibliographical references (p. xix). |
| 650 | # | # | |a Young men |z France |x Fiction. |
| 651 | # | # | |a France |x Social life and customs |y 19th century |x Fiction. |
| 655 | # | # | |a Bildungsromane. |2 gsafd |
| 700 | # | # | |a Scott-Moncrieff, C. K. |q (Charles Kenneth), |d 1889-1930. |
| 923 | # | # | |a 01/2011NN |
| 991 | # | # | |a SH |
| 992 | # | # | |a 0 |
| 994 | # | # | |a KNN |
| 998 | # | # | |a TK |
| 900 | # | # | |a True |
| 911 | # | # | |a Đào Thị Thu Huyền |
| 925 | # | # | |a G |
| 926 | # | # | |a A |
| 927 | # | # | |a SH |
| 980 | # | # | |a Thư viện Trường Đại học Đà Lạt |


